| 000 | 00676 a2200181 4500 | ||
|---|---|---|---|
| 003 | Nust | ||
| 005 | 20170207153220.0 | ||
| 040 | _cNust | ||
| 082 | _a621.382 | ||
| 100 | _aRiaz, Asad ur (MSEE-9) | ||
| 245 |
_aEstimation of intercell interference dynamics in code division multiple access _cAsad ur Riaz |
||
| 260 |
_bMCS, NUST _c2006 _aRawalpindi |
||
| 300 | _av,55, p.; | ||
| 505 | _aIntroduction to thesis CDMA (page-1) Initial characterization of interference (page-80 Dynamics of interference factor (page-19) Interference factor for handoff (page-31) Conclusions and future work (page-41). | ||
| 538 | _aAlmirah No 69 Shelf No 1 | ||
| 650 | _aMS Thesis | ||
| 651 | _aMSEE-9 | ||
| 942 | _cTHS | ||
| 999 |
_c181748 _d181748 |
||